000 00821nas a2200265 4500
001 BR2012004289
003 BR-BrBNA
005 20231205120720.0
007 ta
008 230509b bl.|||p| |||| 00| 00por d
040 _aBR-BrBNA
_bpor
_cBiblioteca Nacional de Agricultura
041 _a(Pt)
072 _aF70
100 1 _aOliveira, M. de L.A.A. de
245 1 _aEstudo taxonômico do gênero Desmodium Desv. (Leguminosae, Faboideae, Desmodieae)
650 _aLEGUMINOSAE
650 _aRIO GRANDE DO SUL
650 _aHABITAT
650 _aFLORAÇÃO
650 _aFRUTIFICAÇÃO
650 _aDISTRIBUIÇÃO GEOGRÁFICA
773 0 _tIheringia. Série Botânica (Brazil)
_xISSN 0073-4705
_g(Dec 1983), v. 31 p. 37-104
_wBR2012004289
909 _a202311
_bLúcia
_c55
_dLúcia Elande
942 _2AGRIS
_n0
_cANA
999 _c219925
_d219925